00413nam a2200157 a 45000010005000000030009000050080041000140400028000550820016000831000028000992450037001272600031001643000015001956500024002106500021002346925CO-ViMGA141112s2004 ck r 000 u spa d aCO-ViMGAbspacCO-ViMGA04a515.33 A8271 aAudry Sánchez, Javier10aCálculo diferencial e integral aMexico : bTrillas, c1995 a521 p : il14aCALCULO DIFERENCIAL14aCALCULO INTEGRAL